00409nam a2200133Ia 4500008004100000100001600041245007500057245001600132260005900148260000900207650001800216650001500234856002600249170221s9999 xx 000 0 und d aEszter Deli 4aThe Hungarian Argumentation Culture in the Light of Modern Societies  cEszter Deli bOnline Journal of Communication and Media Technologies c2016 xCommunication xMedia Arts uhttp://www.ojcmt.net/